La investigación total: la unidad metodológica en la investigación científica
Shranjeno v:
| Glavni avtor: | |
|---|---|
| Format: | Knjiga |
| Jezik: | španščina |
| Izdano: |
Bogotá
Magisterio
1994
|
| Serija: | Colección Mesa Redonda, 10
|
| Teme: | |
| Oznake: |
Označite
Brez oznak, prvi označite!
|
MARC
| LEADER | 00000nam a2200000 a 4500 | ||
|---|---|---|---|
| 001 | UCT3930 | ||
| 003 | CL-VaPUC | ||
| 008 | 961031e19940000CK |||||||||||||||||spa|d | ||
| 082 | 0 | 4 | |a 001.4 |b CER |2 21 |
| 100 | 0 | |a Cerda Gutiérrez, Hugo |e author |9 373006 | |
| 245 | 1 | 3 | |a La investigación total: la unidad metodológica en la investigación científica |
| 300 | |a 112 p | ||
| 942 | |c BK | ||
| 945 | |d 19961031 00:00:00 |a nastorga | ||
| 260 | |a Bogotá |b Magisterio |c 1994 | ||
| 650 | 0 | |a Investigación científica |9 259857 | |
| 650 | 7 | |a METODOS CUANTITATIVOS |2 CL-VaPUC |9 373007 | |
| 650 | 0 | |a Métodos cualitativos |9 373008 | |
| 650 | 0 | |a Comprensión |9 339377 | |
| 650 | 7 | |a EXPLICACION |2 CL-VaPUC |9 373009 | |
| 650 | 0 | |a Validez |9 763717 | |
| 650 | 7 | |a CONFIABILIDAD |2 CL-VaPUC |9 373011 | |
| 583 | |a last modification |c 19961031 00:00:00 |k Rodrigo Vera | ||
| 490 | 0 | |a Colección Mesa Redonda, 10 | |
| 999 | |c 253428 |d 253426 | ||
| 952 | |0 0 |1 0 |4 0 |6 001_400000000000000_CER_1994 |7 0 |8 A |9 274274 |a BIBGIM |b BIBGIM |d 2019-11-19 |i 3248046 |o 001.4 CER 1994 |p 3248046 |r 2025-01-15 |w 2019-11-19 |y BK |k SSL | ||
| 952 | |0 0 |1 0 |4 0 |6 001_400000000000000_CER_1994 |7 0 |8 A |9 274275 |a BIBGIM |b BIBGIM |d 2019-11-19 |i 3248054 |o 001.4 CER 1994 |p 3248054 |r 2025-01-15 |w 2019-11-19 |y BK |k SSL | ||
| 952 | |0 0 |1 0 |4 0 |6 001_400000000000000_CER_1994 |7 0 |8 A |9 274276 |a BIBGIM |b BIBGIM |d 2019-11-19 |i 3248062 |o 001.4 CER 1994 |p 3248062 |r 2025-01-15 |w 2019-11-19 |y BK |k SSL | ||
| 952 | |0 0 |1 0 |4 0 |6 001_400000000000000_CER_1994 |7 0 |8 A |9 274277 |a BIBGIM |b BIBGIM |d 2019-11-19 |i 3248070 |o 001.4 CER 1994 |p 3248070 |r 2025-01-15 |w 2019-11-19 |y BK |k SSL | ||